[Event "Katowice rapid op"]
[Site "Katowice"]
[Date "2025.06.02"]
[Round "5"]
[White "Splesnialy, Antoni"]
[Black "Gmaj, Stanislaw"]
[Result "1-0"]
[WhiteElo "1482"]
[BlackElo "1632"]
[PlyCount "125"]
[EventDate "2025.05.31"]
[EventType "swiss"]
[EventRounds "11"]
[EventCountry "POL"]
[SourceTitle "CB24_2025"]
[SourceDate "2025.06.11"]
[SourceVersion "1"]
[SourceVersionDate "2025.06.11"]
[SourceQuality "1"]

1. d4 Nf6 2. c4 d5 3. Nc3 dxc4 4. e3 c6 5. Bxc4 e6 6. Nge2 Be7 7. 0-0 Nbd7 8. Ng3 Nb6 9. Bb3 0-0 10. a3 Nbd5 11. Nxd5 cxd5 12. f3 Bd7 13. e4 dxe4 14. fxe4 Bc6 15. e5 Ne4 16. Nxe4 Bxe4 17. Be3 Bg5 18. Qe2 Bxg2 19. Kxg2 h6 20. Rf3 Bh4 21. Bc2 f5 22. exf6 Rxf6 23. Rxf6 Qxf6 24. Rf1 Qd8 25. Qd3 Qd5+ 26. Qe4 Rc8 27. Kg1 Qxe4 28. Bxe4 Rc7 29. Rd1 b6 30. d5 Rd7 31. Rd3 Bf6 32. b3 e5 33. d6 g5 34. Bf5 Rd8 35. d7 Kf7 36. Kg2 Be7 37. a4 Kf6 38. Be4 Ke6 39. Kf3 Rxd7 40. Rxd7 Kxd7 41. Kg4 Ke6 42. Kh5 Bf8 43. Bf2 Kf6 44. Bg3 Bg7 45. Bc6 Kf7 46. Be4 Kf6 47. Be1 Kf7 48. Bb4 Kf6 49. Bd6 a6 50. Bc7 b5 51. axb5 axb5 52. Bc6 b4 53. Bd6 Kf5 54. Bxb4 e4 55. Bd7+ Kf4 56. Bd6+ Kf3 57. Bc6 Ke3 58. b4 Ke2 59. b5 e3 60. b6 Kf1 61. Bb5+ e2 62. Bxe2+ Kxe2 63. b7 1-0

[Event "Katowice rapid op"]
[Site "Katowice"]
[Date "2025.05.31"]
[Round "11"]
[White "Gmaj, Stanislaw"]
[Black "Kucharski, Piotr"]
[Result "1/2-1/2"]
[WhiteElo "1632"]
[BlackElo "1422"]
[PlyCount "113"]
[EventDate "2025.05.31"]
[EventType "swiss"]
[EventRounds "11"]
[EventCountry "POL"]
[SourceTitle "CB24_2025"]
[SourceDate "2025.06.11"]
[SourceVersion "1"]
[SourceVersionDate "2025.06.11"]
[SourceQuality "1"]

1. e4 c5 2. Bc4 g6 3. Nf3 Bg7 4. c3 Nc6 5. d4 cxd4 6. cxd4 d6 7. 0-0 Nf6 8. Nc3 0-0 9. a3 Bg4 10. Be3 Nd7 11. Be2 Bxf3 12. Bxf3 Nb6 13. Be2 d5 14. exd5 Nxd5 15. Nxd5 Qxd5 16. Bf3 Qd6 17. b4 Rab8 18. Rc1 Nxd4 19. Bxd4 Bxd4 20. Rc4 Be5 21. Qxd6 Bxd6 22. Rd1 b6 23. h4 Rbc8 24. Rdc1 Rxc4 25. Rxc4 Rd8 26. g4 Kg7 27. Be4 Be5 28. a4 Rd1+ 29. Kg2 Rd4 30. Rxd4 Bxd4 31. b5 Kf6 32. f4 e5 33. g5+ Ke6 34. Kf3 exf4 35. Kxf4 Bf2 36. Kg4 f5+ 37. gxf6 Kxf6 38. h5 Kg7 39. hxg6 hxg6 40. Kg5 Be3+ 41. Kg4 Kf6 42. Kf3 Bc1 43. Kg4 g5 44. Bc2 Ke5 45. Bd1 Kd4 46. Bb3 Kc5 47. Bd1 Kd6 48. Bb3 Kc7 49. Bd1 Kb7 50. Bb3 a6 51. Bd5+ Ka7 52. Bc6 axb5 53. axb5 Kb8 54. Be4 Kc7 55. Bc6 Kd6 56. Be8 Kc5 57. Bc6 1/2-1/2

[Event "Katowice rapid op"]
[Site "Katowice"]
[Date "2025.05.31"]
[Round "4"]
[White "Gmaj, Stanislaw"]
[Black "Smetek, Michal"]
[Result "0-1"]
[WhiteElo "1632"]
[BlackElo "2149"]
[PlyCount "126"]
[EventDate "2025.05.31"]
[EventType "swiss"]
[EventRounds "11"]
[EventCountry "POL"]
[SourceTitle "CB24_2025"]
[SourceDate "2025.06.11"]
[SourceVersion "1"]
[SourceVersionDate "2025.06.11"]
[SourceQuality "1"]

1. e4 d6 2. d4 Nf6 3. Nc3 c6 4. Nf3 Bg4 5. Be2 e6 6. 0-0 Be7 7. h3 Bh5 8. Nh2 Bxe2 9. Qxe2 0-0 10. Nf3 d5 11. e5 Nfd7 12. a3 c5 13. b3 Nc6 14. dxc5 Nxc5 15. Bb2 Rc8 16. Nb5 a6 17. Nbd4 Qc7 18. Rac1 b5 19. Nxc6 Qxc6 20. Rfd1 Rfd8 21. Rd4 Ne4 22. b4 Rd7 23. c3 Bd8 24. Nd2 Nxd2 25. Qxd2 Rdc7 26. Rg4 Qe8 27. Qd3 Rc4 28. Qg3 Rxg4 29. Qxg4 Rc4 30. Qg3 Bb6 31. Kh1 g6 32. f4 Qc8 33. Rd1 Qd7 34. h4 h5 35. Qf3 Qe7 36. g3 Qc7 37. g4 Qe7 38. g5 Qc7 39. Kg2 Kg7 40. Kg3 a5 41. Rd3 Qa7 42. Bc1 axb4 43. axb4 Qa1 44. Bd2 Qg1+ 45. Qg2 Qb1 46. Qf3 Re4 47. Be3 Qxd3 48. Bxb6 Qb1 49. Bd4 Qe1+ 50. Qf2 Qd1 51. Qf3 Qc2 52. Qf1 Re2 53. Kf3 Rd2 54. Qe1 Rd3+ 55. Be3 Rxc3 56. Qe2 Qe4+ 57. Kf2 Rc4 58. Bd2 Qh1 59. Kg3 Qg1+ 60. Qg2 Qd1 61. Qf2 Rc2 62. Qb6 Qxd2 63. Qxb5 Qg2# 0-1

[Event "Katowice rapid op"]
[Site "Katowice"]
[Date "2025.05.31"]
[Round "10"]
[White "Wolkowski, Andrzej"]
[Black "Gmaj, Stanislaw"]
[Result "1-0"]
[WhiteElo "1796"]
[BlackElo "1632"]
[PlyCount "75"]
[EventDate "2025.05.31"]
[EventType "swiss"]
[EventRounds "11"]
[EventCountry "POL"]
[SourceTitle "CB24_2025"]
[SourceDate "2025.06.11"]
[SourceVersion "1"]
[SourceVersionDate "2025.06.11"]
[SourceQuality "1"]

1. d4 Nf6 2. Nf3 d5 3. c3 e6 4. Bf4 c5 5. dxc5 Bxc5 6. e3 Nc6 7. Be2 h6 8. Nbd2 0-0 9. 0-0 a6 10. Qc2 Bd7 11. Rfd1 Rc8 12. Ne5 Nxe5 13. Bxe5 Be7 14. h3 b5 15. a4 Qb6 16. axb5 Bxb5 17. Bxb5 axb5 18. Qd3 Nd7 19. Bd4 Nc5 20. Bxc5 Bxc5 21. Nb3 Bd6 22. Ra5 Rc4 23. Rda1 g6 24. Ra6 Qd8 25. R1a5 b4 26. Nd2 Rc8 27. c4 dxc4 28. Qxd6 Qf6 29. Qd4 Qe7 30. Nxc4 Qc7 31. Ne5 Rfd8 32. Qf4 Kg7 33. Ra7 Qc1+ 34. Kh2 Rf8 35. Rxf7+ Kg8 36. Qf6 Rxf7 37. Qxf7+ Kh8 38. Nxg6# 1-0